000 01007cam a2200325 4500
001
008 000000n2000 000 0 eng u
020 _a1842190369
022 _a1354-506X
035 _a(Sirsi) u109411
050 _a346.410435
_c18
100 _aHutchinson, Norman
245 _aUtility wayleaves
_ba legislative lottery?
_h[electronic resource]
260 _aLondon
_bRICS Research Foundation
_c2000
300 _aiii, 36p.
_c30cm.
490 _aRICS Foundation Research Papers
_v3(10)
650 _aWAYLEAVES
650 _aEASEMENTS
650 _aValuation
_96273
650 _aLANDOWNERS
650 _aCOMPENSATION
650 _aTELECOMMUNICATIONS
650 _aLAW
650 _aRESEARCH
690 _aBoundary disputes
_96221
700 _aRowan Robinson, Jeremy
710 _aRoyal Institution of Chartered Surveyors
_bResearch Foundation
_93861
856 4 0 _uwww.rics.org/Global/Downloads/UtilityWayleaves2000.pdf
_zView the research at www.rics.org
942 _n0
999 _c100936
_d100936